| 000 | 01653nam0a2200277 4500 | ||
|---|---|---|---|
| 001 | RU\NLR\bibl\159658 | ||
| 005 | 20260407063954.0 | ||
| 035 | _a(NLR Aleph) 000156606 | ||
| 090 |
_a899991 _c899991 |
||
| 100 | _a20010531d2000 |||y0rusy50 ca | ||
| 101 | 0 | _arus | |
| 102 | _aRU | ||
| 105 | _aa ||||||||| | ||
| 200 | 1 |
_aСправочник фермера _eЭксплуатация осуш. систем индивидуал. (фермер.) хоз-в и их об-ний _fМ-во сел. хоз-ва и продовольствия Рос. Федерации. Деп. мелиорации земель и с.-х. водоснабжения, Упр. по мелиорации земель и с.-х. водоснабжению С.-Петербурга и Лен. обл. Ленмелиоводхоз, Унитар. гос. предприятие - науч. центр "СевНИИГиМ" (ГНЦ "СевНИИГиМ) _g[Сост.: В.Б. Вчелько] |
|
| 210 |
_aСПб. _cГНЦ "СевНИИГиМ" _d2000 |
||
| 215 |
_a139 с. _cил. _d21 |
||
| 320 | _aБиблиогр.: с. 90 (22 назв.) | ||
| 606 | 0 |
_aОсушительные системы _jСправочники _xЭксплуатация в фермерских хозяйствах _92209210 _3RU\NLR\auth\661327184 |
|
| 686 | _aП063.5я2 | ||
| 702 | 1 |
_aВчелько _bВ. Б. _4220 |
|
| 712 | 0 | 2 |
_4570 _a"СевНИИГиМ", научный центр _cСанкт-Петербург _3RU\NLR\AUTH\8810031331 _9561294 |
| 801 | 0 |
_aRU _bNLR _c20010531 _gPSBO |
|
| 801 | 1 |
_aRU _bNLR _c20010531 |
|
| 942 | _cBOOK | ||
| 980 | _aNB | ||